| 000 | 00871nam a22002297a 4500 | ||
|---|---|---|---|
| 008 | 240605b mp ||||| |||| 00| 0 mon d | ||
| 020 | _a978-99962-0-474-6 | ||
| 035 | _a8804 | ||
| 040 |
_aHE0623081 _bmon _cMN-UlNLM _dMN-UlNLM _erda |
||
| 041 | _amon | ||
| 042 | _a18357 | ||
| 084 |
_2NNA _a84.8(0) _bГ.185 |
||
| 100 | _aКрюсс Ж. | ||
| 245 | 0 | _aТимм Талер буюу худалдагдсан инээд | |
| 264 |
_aУБ. _bМонсудар ХГ _c2015 |
||
| 300 | _a360х. | ||
| 336 |
_2rdacontent _atext _btxt |
||
| 337 |
_2rdamedia _aunmediated _bn |
||
| 338 |
_2rdacarrier _avolume _bnc |
||
| 650 | _aГарчиг: Канарын алтан гургалдай., Эхлэл, Анхны өдөр: Нэгдүгээр хуудас. Хөөрхийлөлтэй балчир хүү, 2-р хуудас. Этгээд хүн., 3-р х... | ||
| 942 |
_2NNA _cBK |
||
| 999 |
_c880989 _d881046 |
||